书目信息 |
| 题名: |
多哥史
|
|
| 作者: | 罗贝尔·科纳万 著 ;复旦大学《多哥史》翻译组 译 | |
| 分册: | 下册 | |
| 出版信息: | 上海 上海人民出版社 1974.4 |
|
| 页数: | 395-769页 | |
| 开本: | 20cm | |
| 丛书名: | ||
| 单 册: | ||
| 中图分类: | K444 | |
| 科图分类: | ||
| 主题词: | 非洲--历史 | |
| 电子资源: | ||
| ISBN: | ||
| 000 | 00736nam0 2200241 45 | |
| 001 | 0212170970 | |
| 005 | 20031219104102.3 | |
| 010 | @dCNY2.65 | |
| 091 | @a11171.44 | |
| 100 | @a20021217d1974 km y0chiy0120 ea | |
| 101 | 0 | @achi |
| 105 | @aab z 000yy | |
| 200 | 1 | @a多哥史@ADuo Ge Shi@h下册@f(法)罗贝尔·科纳万著@F(Fa)Luo Bei Er·Ke Na Wan Zhu@g复旦大学《多哥史》翻译组译 |
| 210 | @a上海@c上海人民出版社@d1974.4 | |
| 215 | @a395-769页@c地图,图表,照片@d20cm | |
| 300 | @a内部参考读物 | |
| 320 | @a索引 | |
| 606 | 0 | @a非洲@x历史 |
| 690 | @aK444@v3 | |
| 701 | 0 | @a罗贝尔·科纳万@4著 |
| 712 | 02 | @a复旦大学《多哥史》翻译组@AFu Dan Da Xue《Duo Ge Shi》Fan Yi Zu@4译 |
| 801 | @aCN@bTSTC@c20021217 | |
| 905 | @f1@b219131@dK444@e7:2 | |
| 多哥史.下册/(法)罗贝尔·科纳万著/复旦大学《多哥史》翻译组译.-上海:上海人民出版社,1974.4 |
| 395-769页:地图,图表,照片;20cm |
| 内部参考读物 |
| ISBN :CNY2.65 |
| ● |
| 相关链接 |
|
|
|
|
正题名:多哥史
索取号:K444/7:2
 
预约/预借
| 序号 | 登录号 | 条形码 | 馆藏地/架位号 | 状态 | 备注 |
| 1 | 0219131 | 001736964 | 第二样本阅览室/ [索取号:K444/7:2] | 在馆 |